الطفل في التراث الشعبي / (Record no. 14430)
[ view plain ]
| 000 -الفاتح | |
|---|---|
| حقل البيانات ثابتة الطول | 00864nam a22001937a 4500 |
| 008 - عناصر البيانات ثابتة الطول - معلومات عامة | |
| حقل البيانات ثابتة الطول | 100707s2000 xxu||||| |||| 00| 0 ara d |
| 082 ## - رقم تصنيف ديوى العشرى | |
| رقم الطبعة | 22 |
| رقم التصنيف | 398.2 |
| رقم المادة | س ل ي |
| 100 1# - المدخل الرئيسى - إسم شخصى | |
| 9 (RLIN) | 16037 |
| الإسم الشخصى | سليم ، لطفى حسين |
| 245 ## - بيان العنوان | |
| العنوان | الطفل في التراث الشعبي / |
| بيان المسئوليه,etc | لطفى حسين سليم |
| 260 ## - PUBLICATION, DISTRIBUTION, ETC. (IMPRINT) | |
| مكان الناشر او الموزع | القاهرة : |
| اسم الناشر او الموزع | الهيئة العمة لقصور الثقافة ، |
| تاريخ النشر أو التوزيع | 2000. |
| 300 ## - الوصف المادى | |
| التعداد | 190 ص : |
| أبعاد الوعاء | 20 سم. |
| 490 ## - بيان السلسلة | |
| -- | 14652 |
| عنوان السلسلة | مكتبة الدراسات الشعبية |
| -- | 49 |
| 500 ## - تبصرة عامة | |
| تبصرة عامة | يحتوي على فهرس |
| 541 ## - تبصرة المصدر المباشر للتزويد | |
| مصدر التزويد | ألف باء ؛ |
| طريقة التزويد | شراء ؛ |
| 650 ## - المدخل الاضافى بالموضوع-مصطلح موضوعى | |
| 9 (RLIN) | 16039 |
| مصطلح موضوعي أو اسم جغرافي كعنصر مدخل | الفلكلور |
| 650 ## - المدخل الاضافى بالموضوع-مصطلح موضوعى | |
| 9 (RLIN) | 16040 |
| مصطلح موضوعي أو اسم جغرافي كعنصر مدخل | الأدب الشعبي |
| 942 ## - عناصر المدخل الإضافي( كوها) | |
| مصدر التصنيف او مخطط الترفيف | Dewey Decimal Classification |
| Koha [default] item type | Book - Borrowing |
| حالة التراجع | حالة الفقد | مصدر التصنيف او خطة الترفيف | حالة تلف | ليس للاعارة | مجموعات كوها | المكان الدائم | المكان الحالي | موقع الترفيف | تاريخ الاكتساب | Source of acquisition | رقم الاستدعاء | الباركود | Date last seen | نوع الوعاء |
|---|---|---|---|---|---|---|---|---|---|---|---|---|---|---|
| Dewey Decimal Classification | Alef-Baa | Central Library | Central Library | First floor | 07/07/2010 | Purchase | 398.2 س ل ي | 000021033 | 15/07/2025 | Book - Borrowing |